000 00586nam a2200217Ia 4500
003 OSt
005 20220928135326.0
006 a|||||r|||| 00| 0
007 ta
008 220927b |||||||| |||| 00| 0 eng d
024 _a1101
037 _cTextual
040 _aSDCL
_cSDCL
_beng
041 _2eng
_aeng
082 _aX:271.75:(W).73'N7, L2
100 _aThompson Dennis L Ed.
_9489701
245 0 _aPolitics,policy and natural resources
260 _c1972
942 _hX:271.75:(W).73'N7, L2
_cTEXL
_2CC
999 _c804999
_d804999